Análisis de los cambios en la distribución del ingreso rural en Colombia (1988-1995) / (Registro nro. 8491)

Detalles MARC
000 -LEADER
fixed length control field 01143nam a2200241Ia 4500
003 - CONTROL NUMBER IDENTIFIER
control field OSt
005 - DATE AND TIME OF LATEST TRANSACTION
control field 20210901165035.0
008 - FIXED-LENGTH DATA ELEMENTS--GENERAL INFORMATION
fixed length control field 210310s1998 ck fr 000 0 spa d
040 ## - CATALOGING SOURCE
Original cataloging agency CO-JMCR
Transcribing agency CO-JMCR
041 0# - LANGUAGE CODE
Language code of text/sound track or separate title spa
082 04 - DEWEY DECIMAL CLASSIFICATION NUMBER
Classification number 339.22 /
Item number L525a
Edition number 23
100 1# - MAIN ENTRY--PERSONAL NAME
Personal name Leibovich, José,
9 (RLIN) 17425
Relator term autor
245 10 - TITLE STATEMENT
Title Análisis de los cambios en la distribución del ingreso rural en Colombia (1988-1995) /
Statement of responsibility, etc. José Leibovich
260 ## - PUBLICATION, DISTRIBUTION, ETC.
Place of publication, distribution, etc. Bogotá :
Name of publisher, distributor, etc. Universidad de los Andes,
Date of publication, distribution, etc. 1998
300 ## - PHYSICAL DESCRIPTION
Extent 25 páginas ;
Dimensions 28 cm.
490 9# - SERIES STATEMENT
Series statement Documento Cede ;
Volume/sequential designation 98-09
500 ## - GENERAL NOTE
General note Incluye notas a pie de página.
505 0# - FORMATTED CONTENTS NOTE
Formatted contents note Revisión de la literatura sobre la distribución del ingreso en el sector rural colombiano -- Evolución de la distribución del ingreso rural familiar y percapita (1988-1995) -- Metodología de descomposición de los cambios en la distribución del ingreso -- Análisis de la evolución de la distribución del ingreso laboral entre 1988-1992 y 1995
650 14 - SUBJECT ADDED ENTRY--TOPICAL TERM
Topical term or geographic name entry element Distribución del ingreso rural
9 (RLIN) 17427
Geographic subdivision Colombia
650 24 - SUBJECT ADDED ENTRY--TOPICAL TERM
Topical term or geographic name entry element Política económica
Geographic subdivision Colombia
9 (RLIN) 39890
650 24 - SUBJECT ADDED ENTRY--TOPICAL TERM
Topical term or geographic name entry element Pobreza
9 (RLIN) 39891
942 ## - ADDED ENTRY ELEMENTS (KOHA)
Source of classification or shelving scheme Dewey Decimal Classification
Koha item type Books
Existencias
Withdrawn status Lost status Source of classification or shelving scheme Damaged status Not for loan Collection code Home library Current library Date acquired Source of acquisition Full call number Barcode Date last seen Copy number Koha item type
    Dewey Decimal Classification     Non-fiction Biblioteca Pública José María del Castillo y Rada Biblioteca Pública José María del Castillo y Rada 04/15/2018 Donación 339.22 / L525a 430006143 05/16/2024 Ej.1 Books